| 000 | 00560nam a2200193 a 4500 | ||
|---|---|---|---|
| 005 | 20140310183441.0 | ||
| 008 | 080618s19uu xx 00 eng d | ||
| 020 | _a9789715846660 | ||
| 050 |
_aRM 217 _b.C371Rev 2008 |
||
| 100 | _aCaudal, Maria Lourdes C. | ||
| 245 |
_aBasic nutrion and diet therapy : _blaboratory manual for nursing students. / |
||
| 260 |
_aQuezon City : _bC&E Publishing, Inc, _c2008. |
||
| 300 |
_a317 p. : _c25 cm. |
||
| 521 | _aNUR | ||
| 650 | _aNursing books. | ||
| 650 | _aNutrition. | ||
| 942 |
_cBK _2lcc _kLOC |
||
| 999 |
_c23138 _d23138 |
||